SISTEMA DE BIBLIOTECAS
Carmen Mendoza De Cornielle

Renovar la política : memorias del primer curso de capacitación para jóvenes líderes de partidos políticos de la República Dominicana / (Registro nro. 15674)

Detalles MARC
000 -CABECERA
campo de control de longitud fija 02631cam a2200289 i 4500
001 - NÚMERO DE CONTROL
campo de control 15674
003 - IDENTIFICADOR DEL NÚMERO DE CONTROL
campo de control DO-SdUEMH
005 - FECHA Y HORA DE LA ÚLTIMA TRANSACCIÓN
campo de control 20260122143004.0
007 - CAMPO FIJO DE DESCRIPCIÓN FÍSICA--INFORMACIÓN GENERAL
campo de control de longitud fija ta
008 - DATOS DE LONGITUD FIJA--INFORMACIÓN GENERAL
campo de control de longitud fija 211105s2000 dr a|||gr|||| 000 0 spa|d
020 ## - NÚMERO INTERNACIONAL ESTÁNDAR DEL LIBRO
Número Internacional Estándar del Libro 9993435007
040 ## - FUENTE DE LA CATALOGACIÓN
Centro catalogador/agencia de origen DO-SdUEMH
Lengua de catalogación spa
Normas de descripción rda
041 ## - CÓDIGO DE LENGUA
Código de lengua del texto/banda sonora o título independiente spa
082 14 - NÚMERO DE LA CLASIFICACIÓN DECIMAL DEWEY
Colección Colección Dominicana
Número de clasificación RD 324.27293 C977R
Número de documento/Ítem S471r
084 ## - OTRO NÚMERO DE CLASIFICACIÓN
Item number 08-00286
110 ## - ENTRADA PRINCIPAL--NOMBRE DE ENTIDAD CORPORATIVA
Nombre de entidad corporativa o nombre de jurisdicción como elemento de entrada Comisión Presidencial para la Reforma y Modernización del Estado
245 10 - MENCIÓN DE TÍTULO
Título Renovar la política : memorias del primer curso de capacitación para jóvenes líderes de partidos políticos de la República Dominicana /
Mención de responsabilidad, etc. coordinador José Ángel Aquino
260 ## - PUBLICACIÓN, DISTRIBUCIÓN, ETC.
Date of publication, distribution, etc. 1999
264 01 - PRODUCCIÓN, PUBLICACIÓN, DISTRIBUCIÓN, FABRICACIÓN Y COPYRIGHT
Lugar de producción, publicación, distribución, fabricación Santo Domingo :
Nombre del de productor, editor, distribuidor, fabricante Comisión Presidencial para la Reforma y Modernización del Estado,
Fecha de producción, publicación, distribución, fabricación o copyright 2000
300 ## - DESCRIPCIÓN FÍSICA
Extensión 180 páginas :
Otras características físicas ilustraciones ;
Dimensiones 23 cm.
336 ## - TIPO DE CONTENIDO
Fuente rdacontent
Término de tipo de contenido texto
Código de tipo de contenido txt
337 ## - TIPO DE MEDIO
Fuente rdamedia
Nombre del tipo de medio sin mediación
Código del tipo de medio n
338 ## - TIPO DE SOPORTE
Fuente rdacarrier
Nombre del tipo de soporte volumen
Código del tipo de soporte nc
505 #1 - NOTA DE CONTENIDO CON FORMATO
Nota de contenido con formato Presentación -- Introducción -- Acto inaugural -- Palabras de apertura del Dr. Onofre Rojas -- Palabras del Sr. Paolo Oberti -- Palabras del Lic. Rafael Toribio -- Palabras del Lic. Eduardo Núñez -- Marco introductorio general, por Eduardo Núñez -- La modernización de los partidos políticos: los ejes de la reforma -- Tendencias de la realidad y su impacto en la región, por Carlos Mateo Balmelli -- Rediseño de los partidos políticos, por Carlos Eduardo Mena Keymer -- La modernización de los partidos políticos: las relaciones interinstitucionales desde una perspectiva latinoamericana -- Sistema de partidos y sistemas electorales, por Fernando Tuesta Soldevilla -- Los partidos políticos y los medios de comunicación, por Fernando Rospigliosi -- Partidos políticos y sociedad civil organizada, por Emilio Álvarez-Icaza Longoria -- La modernización de los partidos políticos: experiencias y desafíos desde la perspectiva de los partidos políticos nacionales dominicanos -- Intervención del Dr. Mario Beriguete -- Intervención del Lic. Orlando Jorge Mera -- Intervención del Lic. Domingo Contreras -- Declaración de intenciones para la creación de un centro dominicano de formación política -- Taller grupal No. 1. Constitución del marco de realidad nacional y regional -- Taller grupal No. 2. Situación de los partidos políticos en la República Dominicana -- Taller grupal No. 3. Propuesta de rediseño de los partidos políticos dominicanos -- Guía metodológica para la elaboración de trabajos preparatorios -- Vistas de los participantes en el curso de capacitación de jóvenes líderes políticos.
942 ## - ELEMENTOS DE PUNTO DE ACCESO ADICIONAL (KOHA)
Fuente del sistema de clasificación o colocación Dewey Decimal Classification
Tipo de ítem Koha Libro
Suprimir en OPAC No
Existencias
Estado de retiro Estado de pérdida Fuente del sistema de clasificación o colocación Estado dañado Disponibilidad para préstamo Código de colección Localización permanente Ubicación/localización actual Ubicación en estantería Fecha de adquisición Fuente de adquisición Total de préstamos Signatura topográfica completa Código de barras Fecha visto por última vez Número de copia Precio válido a partir de Tipo de ítem Koha
    Dewey Decimal Classification   Disponible para préstamo Colección Dominicana UNIREMHOS SEDE UNIREMHOS SEDE Colección Dominicana 11/05/2021 Donación   RD 0800286 11/05/2021 ej. 1 11/05/2021 Libro
UNIREMHOS

Av. Abraham Lincoln no. 126, casi esq. José Contreras,
Santo Domingo, República Dominicana

Correo: info@uniremhos.edu.do

Tel.: (809) 532-3739

Horario: Lunes a Viernes: 8:00 am - 6:00 pm | Sábados: 8:00 am - 12:00 m

📍 Ubicación
UNEFA

Av. 27 de Febrero no. 52, El Vergel,
Santo Domingo, República Dominicana

Tel.: (809) 530-0224

📍 Ubicación
UFHEC

Av. Máximo Gómez esq. César Nicolás Penson, La Esperilla,
Santo Domingo, República Dominicana

Tel.: (809) 537-6000

📍 Ubicación